Online
Catalog

Cristo de nuevo crucificado / (Record no. 34909)

MARC details
000 -CABECERA
campo de control de longitud fija 00731nam a2200217 a 4500
001 - NÚMERO DE CONTROL
campo de control 000035418
005 - FECHA Y HORA DE LA ÚLTIMA TRANSACCIÓN
campo de control 20200930074328.0
008 - DATOS DE LONGITUD FIJA--INFORMACIÓN GENERAL
campo de control de longitud fija 111031s1954 sp 000 0 spa d
020 ## - NÚMERO INTERNACIONAL ESTÁNDAR DEL LIBRO
Número Internacional Estándar del Libro 8428601054
020 ## - NÚMERO INTERNACIONAL ESTÁNDAR DEL LIBRO
Número Internacional Estándar del Libro 8428601046
040 ## - FUENTE DE LA CATALOGACIÓN
Centro catalogador/agencia de origen DO-SdBNP
Lengua de catalogación spa
Centro/agencia transcriptor BNPHU
082 ## - NÚMERO DE LA CLASIFICACIÓN DECIMAL DEWEY
Número de clasificación XXXX
100 1# - ENTRADA PRINCIPAL--NOMBRE DE PERSONA
Nombre de persona Kazantzaki, Nikos
9 (RLIN) 61250
240 10 - TÍTULO UNIFORME
Título uniforme O xplotoc eavaoupovetal
Lenguaje de la obra Español
245 10 - MENCIÓN DE TÍTULO
Título Cristo de nuevo crucificado /
Mención de responsabilidad, etc. Nikos Kazantzaki ; José Luis de Izquierdo Hernández.
260 ## - PUBLICACIÓN, DISTRIBUCIÓN, ETC.
Lugar de publicación, distribución, etc. Buenos Aires :
Nombre del editor, distribuidor, etc. Pomaire,
Fecha de publicación, distribución, etc. 1954.
300 ## - DESCRIPCIÓN FÍSICA
Extensión 541 p. ;
Dimensiones 20 cm.
500 ## - NOTA GENERAL
Nota general Tradicido del griego
590 ## - NOTA LOCAL (RLIN)
Nota local Perteneció a la biblioteca personal de Juan Isidro Jimenes Grullón
700 12 - PUNTO DE ACCESO ADICIONAL--NOMBRE DE PERSONA
Nombre de persona Izquierdo Hernández, José Luis de
Término indicativo de función/relación tr.
9 (RLIN) 61251
Holdings
Estado de retiro Estado de pérdida Restricciones de uso No para préstamo Código de colección Localización permanente Ubicación/localización actual Ubicación en estantería Fecha de adquisición Número de inventario Total de préstamos Signatura topográfica completa Código de barras Fecha visto por última vez Precio válido a partir de Tipo de ítem Koha
        Monografías: Libros y Folletos General General Orden iniciada 31.10.2011 LF1   XXXX 35418-10 25.06.2020 25.06.2020 No se presta

Powered by Koha